000 00298nam a22001337a 4500
008 170329b xxu||||| |||| 00| 0 eng d
020 _a9780838582336
041 _aeng
080 _a616-053.2
100 _a8
101 _aSHM
245 _aFUNDAMENTALS PEDIATRICS
_cRUDOLPH.A.M
942 _2udc
_cBK
999 _c9006
_d9006